header

The African stakes of the Congo War (Record no. 87572)

MARC details
000 -LEADER
fixed length control field 01313nam a2200337Ia 4500
082 04 - DEWEY DECIMAL CLASSIFICATION NUMBER
Classification number 967.5103/3
245 04 - TITLE STATEMENT
Title The African stakes of the Congo War
250 ## - EDITION STATEMENT
Edition statement 1st ed.
260 ## - PUBLICATION, DISTRIBUTION, ETC. (IMPRINT)
Place of publication New York :
Name of publisher Palgrave Macmillan,
Year of publication 2002.
300 ## - PHYSICAL DESCRIPTION
Number of Pages xv, 249 p. :
Other physical details maps.
650 #0 - SUBJECT ADDED ENTRY--TOPICAL TERM
Topical Term Political violence
700 1# - ADDED ENTRY--PERSONAL NAME
Personal name Clark, John Frank.
856 40 - ELECTRONIC LOCATION AND ACCESS
Uniform Resource Identifier http://site.ebrary.com/lib/rucke/Doc?id=10135660

No items available.

© 2026 Rongo University
Contact us: librarian | system librarian | Rongo university